| 000 | 00545cam a2200181 4500 | ||
|---|---|---|---|
| 001 | D6293 | ||
| 008 | 090401t1983 xxu||||| |||| 00| 0 eng d | ||
| 035 | _a(Sirsi) u30 | ||
| 041 | _aeng | ||
| 050 | _a690 | ||
| 110 |
_aJunior Liason Organisation _92938 |
||
| 245 | _aBuilding faster in Britain, conference held at St. Edmund Hall, Oxford 18 -19 September 1982. Conference co-chairman D.W.H Skinner, A.C. Sidwell | ||
| 260 |
_aLondon _bOve Arup and Partners _c1983 |
||
| 300 | _a62p. 29cm | ||
| 350 | _a0 | ||
| 942 | _n0 | ||
| 948 | _c04/03/1997 | ||
| 999 |
_c85479 _d85479 |
||